Doctor Who Characters - Statistics

General Stats
  • This quiz has been taken 905 times
  • The average score is 11 of 15
Answer Stats
Hint Chacracter % Correct
The time-traveling spaceship TARDIS
99%
"EXTERMINATE!" Daleks
96%
Played by multiple actors The Doctor
96%
The girl who waited Amelia Pond
92%
Wife of the main character River Song
92%
"DELETE! DELETE!" The Cybermen
89%
Also known as Harold Saxon The Master
86%
The woman 'twice dead' (the impossibe girl) Clara Oswald
83%
Quantum-locked statues Weeping Angels
79%
The last centurion Rory Williams
78%
Erase themselves from memory (claim to be a religious order) The Silence
75%
A Sontaran nurse Strax
64%
The Great Detective Madame Vastra
39%
Eye-patch lady Madame Kovarian
30%
Human from 17th century London (maid of the previous answer) Jenny Flint
27%
No matching quizzes found
Score Distribution
Percent of People with Each Score
Percentile by Number Answered
Your Score History
You have not taken this quiz